000 00299nam a2200133 i 4500
001 bg
100 1 _aSIEMION, Ignacy Z.
245 0 _aBiostereochemia /
_cI.Z. Siemion.
260 _aWarszawa,
_c1985.
040 _cBPK
041 _apol
942 _cKS
008 s pl f |000 0 pol
999 _c28377
_d28377
856 _uhttp://koha.tu.koszalin.pl/cgi-bin/koha/opac-detail.pl?biblionumber=28377
_yKatalog online BPK